billy woods - Asylum Lyrics - Statistics

General Stats
  • This quiz has been taken 14 times
  • The average score is 201 of 288
Answer Stats
Answer % Correct
a
100%
an
100%
and
100%
I
100%
is
100%
my
100%
My
100%
no
100%
place
100%
so
100%
the
100%
The
100%
To
100%
to
100%
as
89%
automated
89%
cameras
89%
can
89%
Can't
89%
gate
89%
get
89%
he
89%
hear
89%
house
89%
in
89%
In
89%
it
89%
moved
89%
neighbor
89%
now
89%
on
89%
out
89%
put
89%
safe
89%
think
89%
up
89%
want
89%
when
89%
When
89%
Whoever
89%
you
89%
around
78%
atop
78%
be
78%
bed
78%
blessin'
78%
bomb
78%
but
78%
By
78%
climb
78%
Ever
78%
eye
78%
father
78%
give
78%
great
78%
hide
78%
high
78%
life?
78%
live
78%
locked
78%
long
78%
me
78%
me,
78%
mission
78%
mother
78%
myself
78%
Never
78%
own
78%
parcel
78%
pinky
78%
right
78%
rotated
78%
Rumor
78%
sky
78%
slowly,
78%
slowly
78%
Some
78%
start
78%
told
78%
took
78%
truth
78%
what
78%
your
78%
breaking
67%
brick
67%
day,
67%
find
67%
for,
67%
for
67%
found
67%
guests
67%
Haile
67%
kitchen
67%
lay
67%
like
67%
listen
67%
Mariam
67%
morning,
67%
music
67%
nights
67%
nowhere
67%
plays,
67%
secretary
67%
slinky
67%
strange
67%
they
67%
walls
67%
which
67%
bad
56%
been
56%
black
56%
chews
56%
dark,
56%
dishes,
56%
doubts,
56%
gardener
56%
having
56%
he's
56%
His
56%
host
56%
It's
56%
it's
56%
khat,
56%
know
56%
lately,
56%
later
56%
light
56%
look
56%
maid
56%
Mengistu
56%
mind
56%
of
56%
one
56%
quite
56%
Razor
56%
security
56%
spits
56%
tellin'
56%
tension
56%
thinking
56%
through
56%
tree
56%
trippin'
56%
veranda
56%
whiskey
56%
wire
56%
with
56%
wonder
56%
alive
44%
Anything
44%
are
44%
bodyguard
44%
brings
44%
burn
44%
coffee
44%
eight,
44%
Evenings,
44%
from
44%
Galvanized
44%
ground
44%
haven's
44%
hills
44%
I'll
44%
into
44%
land
44%
only
44%
Repainted
44%
rhododendron
44%
sent
44%
snifter
44%
steel
44%
Tomorrow
44%
watch
44%
Blacked
33%
crowd
33%
dog
33%
down
33%
engine
33%
fencin'
33%
ghosts
33%
I'm
33%
lookin'
33%
looks
33%
many
33%
mines
33%
Not
33%
sure
33%
whines,
33%
Avocado
22%
bones,
22%
building's
22%
done
22%
Downstairs
22%
Hollow
22%
just
22%
melt
22%
Range
22%
sellin'
22%
skeletons
22%
takes
22%
crown,
11%
hang
11%
line,
11%
melted
11%
over
11%
packed,
11%
property
11%
rumble
11%
Suitcase
11%
collapse,
0%
everything
0%
No matching quizzes found
Score Distribution
Percent of People with Each Score
Percentile by Number Answered
Your Score History
You have not taken this quiz